000 00380nam a22001577a 4500
005 20170916130637.0
008 170916b xxu||||| |||| 00| 0 eng d
020 _a81-239-0766-4
041 _aeng
082 _a604.2
100 _aBHATIA, S.C.
_93939
245 _aENGINEERING CHEMISTRY
260 _aNEW DELHI
_bCBS PUBLISHING AND DISTRIBUTERS
300 _a881p.
942 _cBK
999 _c5585
_d5583